000 00225nam a2200097Ia 4500
005 20251222113744.0
008 251222s1900||||xx |||||||||||||| ||spa||
082 _aDVD0070/J66/1986
245 0 _aLa misión:The Mission
942 _cDVD
999 _c713
_d713